Concrete pipe for irrigation and drainage
Gorde:
| Egile nagusia: | |
|---|---|
| Formatua: | Liburua |
| Hizkuntza: | English |
| Argitaratua: |
Chicago, Ill., American concrete pipe association
1961
|
| Saila: | American concrete pipe association.
|
| Gaiak: | |
| Etiketak: |
Etiketa erantsi
Etiketarik gabe, Izan zaitez lehena erregistro honi etiketa jartzen!
|
MARC
| LEADER | 00000nam a2200000Ia 4500 | ||
|---|---|---|---|
| 003 | 001821 | ||
| 005 | 20221231143947.0 | ||
| 008 | 140114s1961 ilua 000 ||eng d | ||
| 040 | |c cru CEDI | ||
| 082 | |a 631.62 P365c | ||
| 100 | |a Peekworth, Howard Faron, 1901- |9 20808 | ||
| 245 | |a Concrete pipe for irrigation and drainage | ||
| 260 | |a Chicago, Ill., American concrete pipe association |c 1961 | ||
| 300 | |a ix, 329 ; ilustraciones |b apéndice 26 páginas | ||
| 440 | |a American concrete pipe association. |9 20809 | ||
| 650 | |x DRENAJE |x TUBERIA DE HORMIGON - NORMAS |x RIEGO |9 20810 | ||
| 942 | |2 ddc |c BK | ||
| 999 | |c 14836 |d 14836 | ||
